Ant-Man (Registro nro. 29800)

Detalles MARC
000 -LEADER
fixed length control field 00960nam a22002297a 4500
003 - CONTROL NUMBER IDENTIFIER
control field OSt
005 - DATE AND TIME OF LATEST TRANSACTION
control field 20221213153551.0
008 - FIXED-LENGTH DATA ELEMENTS--GENERAL INFORMATION
fixed length control field 221213s2015 ck a|||gr|||| 00| j spa d
020 ## - INTERNATIONAL STANDARD BOOK NUMBER
International Standard Book Number 9789584244949
040 ## - CATALOGING SOURCE
Original cataloging agency CO-JMCR
Transcribing agency CO-JMCR
041 0# - LANGUAGE CODE
Language code of text/sound track or separate title spa
082 04 - DEWEY DECIMAL CLASSIFICATION NUMBER
Classification number C /
Item number ANTa
245 00 - TITLE STATEMENT
Title Ant-Man
250 ## - EDITION STATEMENT
Edition statement Primera edición
260 ## - PUBLICATION, DISTRIBUTION, ETC.
Place of publication, distribution, etc. Bogotá :
Name of publisher, distributor, etc. Planeta Junior,
Date of publication, distribution, etc. 2015
300 ## - PHYSICAL DESCRIPTION
Extent 16 páginas :
Other physical details ilustraciones a color ;
Dimensions 27 cm
490 0# - SERIES STATEMENT
Series statement Descubre mi mundo
520 3# - SUMMARY, ETC.
Summary, etc. ¿Cómo es que un ladrón logra tener acceso a un traje de alta tecnología? ¡la respuesta no es tan sencilla! Scott Lang es contratado por el Dr. Hank Pym para proteger la tecnología de un traje que permite a su usuario disminuir el tamaño, pero aumentar en fuerza. ¿Pero quiénes son los que ponen en peligro la seguridad de su traje? ¡Descúbrelo en este libro!
650 14 - SUBJECT ADDED ENTRY--TOPICAL TERM
Topical term or geographic name entry element Cuentos infantiles
650 24 - SUBJECT ADDED ENTRY--TOPICAL TERM
Topical term or geographic name entry element Actividades para niños
9 (RLIN) 42536
942 ## - ADDED ENTRY ELEMENTS (KOHA)
Source of classification or shelving scheme Dewey Decimal Classification
Koha item type Books
Existencias
Withdrawn status Lost status Source of classification or shelving scheme Damaged status Not for loan Home library Current library Date acquired Total Checkouts Full call number Barcode Date last seen Date last checked out Copy number Price effective from Koha item type
    Dewey Decimal Classification     Biblioteca Pública José María del Castillo y Rada Biblioteca Pública José María del Castillo y Rada 12/13/2022 12 C / ANTa 201811492 10/06/2025 10/06/2025 Ej.1 12/13/2022 Books